Full House Cast - Statistics

General Stats
  • This quiz has been taken 100 times
  • The average score is 10 of 11
Answer Stats
Actor Character % Correct
Candace Cameron D.J
100%
Mary-Kate Olson Michelle
100%
Ashley Olson Michelle
100%
Bob Saget Danny
98%
Jodie Sweetin Stephanie
98%
John Stamos Jesse/Uncle Jesse
97%
Dave Coulier Joey/Uncle Joey
97%
Andrea Barber Kimmy
94%
Lori Loughlin Rebecca
89%
Dylan Tuomy-Wilhoit Alex/Alexander
88%
Blake Tuomy-Wilhoit Nicky/Nicholas
86%
No matching quizzes found
Score Distribution
Percent of People with Each Score
Percentile by Number Answered
Your Score History
You have not taken this quiz